[Event "Challenge"]
[Site "http://www.queenalice.com/game.php?id=1304474"]
[Date "2014.8.27"]
[Round "-"]
[White "AuntieRenie"]
[Black "Jard87"]
[Result "0-1"]
[WhiteElo "1611"]
[BlackElo "1672"]

1. c4 c5 2. Nc3 Nc6 3. Nf3 d6 4. d3 Nf6 5. g3 g6 6. Bg2 d5 7. Ng5 dxc4 8. Bxc6+
bxc6 9. Qa4 Qd6 10. Bf4 e5 11. Be3 h6 12. Nge4 Nxe4 13. Nxe4 Qe6 14. Bxc5 Bxc5
15. Nxc5 Qd5 16. Ne4 Ke7 17. O-O Bh3 18. Rfc1 f5 19. Qb4+ Ke6 20. Nc5+ Kf6 21.
f3 cxd3 22. Nxd3 Rab8 23. Qh4+ g5 24. Qxh3 e4 25. fxe4 fxe4 26. Nf2 Rxb2 27. Kf1
h5 28. Ng4+ Kg6 29. Ne3 Rf8+ 30. Ke1 Qd2# 0-1

[Event "AUTO-INT-2897"]
[Site "http://www.queenalice.com/game.php?id=1305724"]
[Date "2014.9.2"]
[Round "1"]
[White "Jard87"]
[Black "daniel0176"]
[Result "1-0"]
[WhiteElo "1700"]
[BlackElo "1700"]

1. e4 Nc6 2. d4 d5 3. e5 e6 4. Nf3 h6 5. Bb5 Ne7 6. b3 a6 7. Bxc6+ Nxc6 8. O-O
Be7 9. c4 O-O 10. cxd5 exd5 11. h3 Re8 12. Nc3 b5 13. a3 Bd7 14. Nxd5 Be6 15.
Nxe7+ Nxe7 16. b4 Qd7 17. Re1 Bxh3 18. gxh3 Qxh3 19. Re4 Rad8 20. Rh4 Qf5 21.
Bxh6 Qg6+ 22. Kh2 Nf5 23. Rh3 Nxh6 24. Kh1 Ng4 25. Qg1 Re6 26. Rh4 f5 27. a4 c6
28. a5 Re7 29. Qg2 Kf7 30. Rd1 Ree8 31. Nh2 Qg5 32. Qg3 Nxf2+ 33. Qxf2 Ke7 34.
Rg1 Qxh4 35. Qxh4+ Kd7 36. Rxg7+ Kc8 37. Qh6 Rxd4 38. Qxc6+ Kb8 39. Qb7# 1-0

[Event "AUTO-INT-2897"]
[Site "http://www.queenalice.com/game.php?id=1305725"]
[Date "2014.9.2"]
[Round "1"]
[White "daniel0176"]
[Black "Jard87"]
[Result "1-0"]
[WhiteElo "1756"]
[BlackElo "1634"]

1. e4 e5 2. Nf3 Nf6 3. d3 Nc6 4. Bg5 h6 5. Bxf6 Qxf6 6. a3 a5 7. Be2 Bc5 8. O-O
d6 9. Nc3 Be6 10. Nb5 Rc8 11. b4 axb4 12. axb4 Bxb4 13. c3 Bc5 14. d4 exd4 15.
cxd4 Bb6 16. d5 Bd7 17. Re1 Ne5 18. Ra3 O-O 19. Rf1 Ra8 20. Rc3 Bxb5 21. Bxb5
Nxf3+ 22. Qxf3 Qxf3 23. Rxf3 Ra5 24. Re1 Rxb5 25. h4 f6 26. g4 g5 27. hxg5 fxg5
28. Rxf8+ Kxf8 29. Rf1 Ke7 30. Kh1 c6 31. dxc6 bxc6 32. f3 Ke6 33. Kh2 c5 34.
Kg3 c4 35. f4 gxf4+ 36. Rxf4 c3 37. Kh4 c2 38. Rf1 Be3 39. Re1 1-0

[Event "AUTO-INT-2897"]
[Site "http://www.queenalice.com/game.php?id=1305726"]
[Date "2014.9.2"]
[Round "1"]
[White "Jard87"]
[Black "Ruusgugg"]
[Result "1-0"]
[WhiteElo "1637"]
[BlackElo "1520"]

1. e4 Nc6 2. d4 e6 3. e5 f5 4. Nf3 g5 5. Bxg5 Nce7 6. c4 h6 7. Bh4 Bg7 8. Nc3 d6
9. Qe2 c6 10. g3 Qb6 11. exd6 Ng6 12. c5 Qd8 13. Bxd8 Kxd8 14. Ne5 Nf8 15. Nf7+
Kd7 16. Nxh8 Bxd4 17. Nf7 b6 18. cxb6 axb6 19. Ne5+ Kxd6 20. Nc4+ Kc5 21. O-O-O
Ba6 22. Rxd4 Kxd4 23. Qe5# 1-0

[Event "AUTO-INT-2897"]
[Site "http://www.queenalice.com/game.php?id=1305727"]
[Date "2014.9.2"]
[Round "1"]
[White "Ruusgugg"]
[Black "Jard87"]
[Result "0-1"]
[WhiteElo "1436"]
[BlackElo "1626"]

1. e4 e5 2. Nf3 Nf6 3. Bd3 Nc6 4. c4 Nd4 5. O-O d6 6. Qa4+ Bd7 7. Qd1 Bg4 8.
Qa4+ c6 9. Ng5 Nh5 10. f3 Qxg5 11. fxg4 Qxg4 12. h3 Qg3 13. Qa5 Nf4 14. Rf2
Nxh3+ 15. Kf1 Qxf2# 0-1

[Event "Challenge"]
[Site "http://www.queenalice.com/game.php?id=1311083"]
[Date "2014.9.28"]
[Round "-"]
[White "eduardocosta"]
[Black "Jard87"]
[Result "1-0"]
[WhiteElo "1868"]
[BlackElo "1700"]

1. e3 e5 2. Be2 d5 3. b3 Nf6 4. Bb2 Bd6 5. c4 O-O 6. Nc3 Be6 7. cxd5 Bxd5 8. Bf3
Bc6 9. Bxc6 Nxc6 10. Nf3 e4 11. Ng5 Re8 12. Nh3 Qd7 13. Nb5 a6 14. Nd4 Nb4 15.
O-O c5 16. Ne2 Qc7 17. Bxf6 gxf6 18. Nhf4 Nd3 19. Nxd3 exd3 20. Ng3 b5 21. Qg4+
Kh8 22. Qf5 Be5 23. Qxd3 Bxa1 24. Rxa1 Rad8 25. Qf5 Rd6 26. Ne4 Rc6 27. Nxf6 Qe5
28. Qxh7# 1-0

[Event "Challenge"]
[Site "http://www.queenalice.com/game.php?id=1311830"]
[Date "2014.10.1"]
[Round "-"]
[White "Jard87"]
[Black "Sacapiece"]
[Result "0-1"]
[WhiteElo "1687"]
[BlackElo "2121"]

1. e4 c5 2. c4 g6 3. d4 cxd4 4. Qxd4 Nf6 5. Nc3 Nc6 6. Qd1 Bg7 7. f4 d6 8. Nf3
Bg4 9. Be2 O-O 10. h3 Bxf3 11. Bxf3 Qb6 12. a3 Nd4 13. Na4 Nxf3+ 14. gxf3 Qa6
15. Qc2 Rac8 16. b3 b5 17. Nb2 bxc4 18. bxc4 d5 19. e5 Nh5 20. c5 f6 21. f5 fxe5
22. fxg6 Rxf3 23. gxh7+ Kh8 24. Qd1 Rcf8 25. Qe2 Qxe2+ 26. Kxe2 Ng3+ 27. Kd2
Nxh1 28. Rb1 Rg3 29. Na4 Rf2+ 30. Ke1 Rg1# 0-1

[Event "Let's Play Chess!"]
[Site "http://www.queenalice.com/game.php?id=1311832"]
[Date "2014.10.1"]
[Round "-"]
[White "Jard87"]
[Black "michas"]
[Result "0-1"]
[WhiteElo "1716"]
[BlackElo "1707"]

1. e4 h5 2. d4 h4 3. c4 h3 4. gxh3 d6 5. Nc3 Nf6 6. f3 Nbd7 7. Bg2 Nb6 8. b3 g6
9. f4 Nh5 10. Nf3 Bh6 11. Ne2 Bg7 12. O-O Nf6 13. Ng5 Nh7 14. f5 Nxg5 15. Bxg5
gxf5 16. exf5 c5 17. Rc1 cxd4 18. Nxd4 Bd7 19. Bxb7 Rb8 20. Bc6 Rxh3 21. Rf3
Rxf3 22. Bxf3 Bxd4+ 0-1

[Event "Challenge"]
[Site "http://www.queenalice.com/game.php?id=1312260"]
[Date "2014.10.3"]
[Round "-"]
[White "Jard87"]
[Black "Omar"]
[Result "0-1"]
[WhiteElo "1642"]
[BlackElo "1841"]

1. e4 e5 2. Nf3 d6 3. d4 exd4 4. Nxd4 a6 5. h3 h6 6. Qf3 Be7 7. Nc3 Nf6 8. Bc4
Nc6 9. Be3 Nxd4 10. Bxd4 c5 11. Bxf6 Bxf6 12. O-O-O Qe7 13. Rhe1 O-O 14. Nd5 Qe5
15. c3 b5 16. Bd3 Bb7 17. Bc2 b4 18. Qe3 Bxd5 19. Rxd5 Qe7 20. Qd3 bxc3 21. bxc3
Rfb8 22. f4 Rb5 23. Rxd6 Rd8 24. Rxd8+ Qxd8 25. Qxd8+ Bxd8 26. e5 a5 27. a4 Rb8
28. g4 Bh4 0-1

[Event "AUTO-ADV-3255"]
[Site "http://www.queenalice.com/game.php?id=1312576"]
[Date "2014.10.4"]
[Round "1"]
[White "heriksoares1"]
[Black "Jard87"]
[Result "1-0"]
[WhiteElo "1945"]
[BlackElo "1698"]

1. b3 e5 2. Bb2 Nc6 3. e3 d5 4. Bb5 Bd7 5. Bxc6 Bxc6 6. Bxe5 Qe7 7. Nf3 f6 8.
Bg3 O-O-O 9. O-O g5 10. Nd4 h5 11. Nxc6 bxc6 12. h3 h4 13. Bh2 Bg7 14. d4 Qd7
15. c4 f5 16. cxd5 cxd5 17. Qd3 Ne7 18. Nc3 c6 19. Na4 c5 20. Nxc5 Qc6 21. Rac1
Qf6 22. Ne4+ 1-0

[Event "AUTO-ADV-3255"]
[Site "http://www.queenalice.com/game.php?id=1312577"]
[Date "2014.10.4"]
[Round "1"]
[White "Jard87"]
[Black "heriksoares1"]
[Result "0-1"]
[WhiteElo "1661"]
[BlackElo "2103"]

1. e4 e5 2. Nf3 Nc6 3. d4 exd4 4. Nxd4 Nf6 5. Nc3 Bb4 6. Nxc6 bxc6 7. f3 O-O 8.
Bd2 d5 9. a3 Bd6 10. Bg5 Re8 11. Bd3 Nxe4 12. Bxd8 Nxc3+ 13. Kf2 Nxd1+ 14. Raxd1
Rxd8 15. h4 Rb8 16. b4 c5 17. c3 a5 18. b5 c4 19. Bc2 Bxa3 20. Ra1 Bc5+ 21. Kf1
Bb6 22. g4 d4 23. cxd4 Bb7 24. Rh3 Rxd4 25. Re1 Rd2 26. Re2 Rxe2 0-1

[Event "AUTO-ADV-3255"]
[Site "http://www.queenalice.com/game.php?id=1312590"]
[Date "2014.10.4"]
[Round "1"]
[White "Jard87"]
[Black "grautvornix"]
[Result "0-1"]
[WhiteElo "1690"]
[BlackElo "1833"]

1. e4 d6 2. d4 g6 3. Nf3 Bg7 4. Bc4 a6 5. Ng5 Nh6 6. h3 O-O 7. O-O e6 8. Nc3 Bd7
9. Re1 Kh8 10. Be3 b6 11. Qf3 Qe7 12. Qg3 f6 13. Nf3 Be8 14. Rad1 Nf7 15. d5 e5
16. a4 Nd7 17. b4 Rb8 18. b5 a5 19. Qh2 Rg8 20. g4 Nh6 21. Nd2 g5 22. f3 Nf8 23.
h4 Ng6 24. hxg5 fxg5 25. Bb3 Rf8 26. Ne2 Bd7 27. Qh5 Be8 28. Qxg5 Qxg5 29. Bxg5
Nf7 30. Be3 Bh6 31. Bxh6 Nxh6 32. g5 Nf7 33. Rf1 Nxg5 34. Kg2 Nf4+ 0-1

[Event "AUTO-ADV-3255"]
[Site "http://www.queenalice.com/game.php?id=1312591"]
[Date "2014.10.4"]
[Round "1"]
[White "grautvornix"]
[Black "Jard87"]
[Result "1-0"]
[WhiteElo "1843"]
[BlackElo "1680"]

1. Nf3 f5 2. b3 d6 3. Bb2 e5 4. d3 h6 5. e3 Nf6 6. Nc3 a6 7. Ne2 e4 8. Nd2 d5 9.
g3 c5 10. Bg2 g5 11. h3 Bg7 12. O-O O-O 13. Rb1 Nc6 14. a3 b6 15. Kh2 Be6 16.
Ng1 d4 17. Ne2 Rc8 18. f4 Nd5 19. Qc1 Nxe3 20. Re1 Bd5 21. Nf1 Nxg2 22. Kxg2
exd3+ 23. Kh2 dxe2 24. Rxe2 g4 25. h4 Qd7 26. Qd2 Rfe8 27. Rbe1 Rxe2+ 28. Qxe2
b5 29. Nd2 d3 30. Qxd3 Ra8 31. Bxg7 Kxg7 32. c3 Qf7 33. Kg1 b4 34. cxb4 1-0

[Event "AUTO-ADV-3255"]
[Site "http://www.queenalice.com/game.php?id=1312592"]
[Date "2014.10.4"]
[Round "1"]
[White "Jard87"]
[Black "bouley"]
[Result "1/2-1/2"]
[WhiteElo "1691"]
[BlackElo "1979"]

1. e4 Nc6 2. d4 d5 3. f3 dxe4 4. d5 Ne5 5. fxe4 Nf6 6. Nc3 e6 7. Bg5 Be7 8. Nf3
Nxf3+ 9. Qxf3 O-O 10. O-O-O Qe8 11. Nb5 Qd8 12. dxe6 Bd6 13. Nxd6 cxd6 14. exf7+
Rxf7 15. Bc4 Qe7 16. Bxf7+ Kxf7 17. Bxf6 gxf6 18. Rhe1 Be6 19. b3 Rg8 20. h3 Qc7
21. c4 b5 22. Qh5+ Kf8 23. Qxb5 Rxg2 24. Rd2 Bxh3 25. Rxg2 Bxg2 26. Qh5 Qd7 27.
Qh2 Qg7 28. Qxd6+ Qe7 29. Qxe7+ Kxe7 30. c5 h5 31. Re2 Bf3 32. Re3 Bg4 33. c6
Kd6 34. Rc3 Kc7 35. Kd2 h4 36. Ke3 h3 37. Rc1 a5 38. Kf4 Be6 39. e5 fxe5+ 40.
Kxe5 Bg4 41. a3 Bf3 42. Rc2 Bxc6 43. Rh2 Bg2 44. b4 Kb6 45. Kf4 axb4 46. axb4
Kb5 47. Kg3 1/2-1/2

[Event "AUTO-ADV-3255"]
[Site "http://www.queenalice.com/game.php?id=1312593"]
[Date "2014.10.4"]
[Round "1"]
[White "bouley"]
[Black "Jard87"]
[Result "1-0"]
[WhiteElo "1967"]
[BlackElo "1703"]

1. e4 e5 2. Nf3 Nc6 3. Bc4 Nf6 4. d3 d5 5. exd5 Nxd5 6. O-O Bg4 7. c3 a6 8. a3
h6 9. h3 Bf5 10. Qe2 f6 11. Nh4 Bh7 12. Qh5+ g6 13. Nxg6 Bxg6 14. Qxg6+ Ke7 15.
Be3 b6 16. Nd2 Qe8 17. Qxe8+ Kxe8 18. Bxd5 Kd7 19. f4 Be7 20. fxe5 fxe5 21. Rf7
Kd6 22. Bxc6 Kxc6 23. Rxe7 Kd6 24. Rg7 Rad8 25. Rg6+ Kd7 26. Ne4 Kc8 27. Rd1 h5
28. d4 exd4 29. Rxd4 Rhe8 30. Rxd8+ Rxd8 31. Bd4 Kb7 32. b4 Re8 33. Nf6 Re1+ 34.
Kf2 Ra1 35. Nxh5 Rxa3 36. Rg7 a5 37. bxa5 Rxa5 38. g4 b5 39. Nf6 Ra4 40. Ne8 1-0

[Event "Challenge"]
[Site "http://www.queenalice.com/game.php?id=1317883"]
[Date "2014.10.26"]
[Round "-"]
[White "eduardocosta"]
[Black "Jard87"]
[Result "1-0"]
[WhiteElo "1833"]
[BlackElo "1671"]

1. e3 e5 2. Be2 d5 3. b3 Nc6 4. Bb2 Bf5 5. Bb5 Qe7 6. Bxc6+ bxc6 7. Qh5 g6 8.
Qe2 Bxc2 9. Nc3 Bf5 10. Na4 Nf6 11. Qa6 Bd7 12. Nf3 e4 13. Nd4 c5 14. Nb5 Bxb5
15. Qxb5+ 1-0

[Event "Challenge"]
[Site "http://www.queenalice.com/game.php?id=1318850"]
[Date "2014.10.28"]
[Round "-"]
[White "Schichtl"]
[Black "Jard87"]
[Result "1-0"]
[WhiteElo "1638"]
[BlackElo "1659"]

1. e4 e5 2. g3 Nf6 3. Qf3 d5 4. d3 Bg4 5. Qe3 d4 6. Qd2 Nc6 7. f3 Bh5 8. g4 Bg6
9. Na3 h6 10. Nc4 b5 11. Na5 Nxa5 12. Qxa5 1-0